| 000 | 00396nam a22001457a 4500 | ||
|---|---|---|---|
| 999 |
_c8117 _d8117 |
||
| 003 | OSt | ||
| 005 | 20200804151014.0 | ||
| 008 | 200804b ||||| |||| 00| 0 eng d | ||
| 020 | _a9781138281424 | ||
| 082 |
_a720.941 _bDES |
||
| 100 | _aDesai Madhavi | ||
| 245 | _aWomen Architects and Modernism in India: Narratives and Contemporary Practices | ||
| 260 |
_aIndia _bRoutledge _c2017 |
||
| 942 | _2ddc | ||